00282nam a2200121Ia 4500008004100000041000900041082001700050100002200067245002000089260003500109300000800144650000800152230718s9999 xx 000 0 und d aEng. a378.7bVOG-I aVoglies, David. I 0ainside Tavorism aPakistanbSange meel Pubc1985 a176 aLaw